Assassinations - Sudden Death - Statistics

General Stats
  • This quiz has been taken 167 times
  • The average score is 11 of 24
Answers on the Grid
Answers color-coded by a green-red scale on the quiz's grid according to % correct below.
Alexander the Great
Cleopatra
Caligula
Thomas Becket
Henry VIII
Napoleon
Abraham Lincoln
Andrew Johnson
Tsar Alexander II
James A. Garfield
William McKinley
Franz Ferdinand
Vladimir Lenin
Leon Trotsky
Huey Long
Adolf Hitler
Al Capone
Mahatma Gandhi
Hideki Tojo
John F. Kennedy
Lee Harvey Oswald
Malcolm X
Martin Luther King Jr.
Robert F. Kennedy
Ho Chi Minh
Haile Selassie
Park Chung-hee
Anwar Sadat
Indira Gandhi
Paul Castellano
Hirohito
Ruhollah Khomeini
Yitzhak Rabin
Gianni Versace
John Gotti
Idi Amin
Yasser Arafat
Pope John Paul II
Boris Yeltsin
Benazir Bhutto
Fidel Castro
Robert Mugabe
Shinzo Abe
Henry Kissinger
 
Answer Stats
Answer % Correct
Abraham Lincoln
80%
John F. Kennedy
79%
Martin Luther King Jr.
72%
Franz Ferdinand
69%
Robert F. Kennedy
63%
Malcolm X
62%
Mahatma Gandhi
58%
Lee Harvey Oswald
57%
Leon Trotsky
55%
William McKinley
52%
Thomas Becket
50%
James A. Garfield
49%
Gianni Versace
40%
Indira Gandhi
39%
Caligula
38%
Shinzo Abe
38%
Anwar Sadat
36%
Tsar Alexander II
36%
Benazir Bhutto
35%
Yitzhak Rabin
31%
Huey Long
21%
Park Chung-hee
19%
Paul Castellano
10%
Haile Selassie
8%
No matching quizzes found
Score Distribution
Percent of People with Each Score
Percentile by Number Answered
Your Score History
You have not taken this quiz